Patrología

Saved in:
Bibliografiske detaljer
Hovedforfatter: Quasten, Johannes (Author)
Format: Bog
Sprog:spansk
Udgivet: Madrid Biblioteca de Autores Cristianos 1977
Udgivelse:3a. ed
Serier:Biblioteca de Autores Cristianos, 217
Fag:
Tags: Tilføj Tag
Ingen Tags, Vær først til at tagge denne postø!

MARC

LEADER 00000nam a2200000 a 4500
001 UCL4234
003 CL-VaPUC
008 040109e19770000SP |||||||||||||||||spa|d
020 |a 8422004194 
020 |a 8422004186 
082 0 4 |a 270  |b QUA  |2 21 
100 0 |a Quasten, Johannes  |e author  |9 481718 
245 1 0 |a Patrología 
250 |a 3a. ed 
300 |a v 
942 |c BK 
945 |d 20040109 00:00:00  |a vberengu 
260 |a Madrid  |b Biblioteca de Autores Cristianos  |c 1977 
500 |a v.2: La edad de oro de la literatura patrística griega 
650 0 |a Patrística  |9 322007 
583 |a last modification  |c 20040109 00:00:00  |k Rodrigo Vera 
490 0 |a Biblioteca de Autores Cristianos, 217 
999 |c 307115  |d 307113 
952 |0 0  |1 0  |4 0  |6 270_000000000000000_QUA_1977  |7 0  |8 A  |9 372705  |a BIBTEO  |b BIBTEO  |d 2019-11-21  |h v.2  |i 2100002  |o 270 QUA 1977  |p 2100002  |r 2025-01-17  |w 2019-11-21  |y BK  |k ICR 
952 |0 0  |1 0  |4 0  |6 270_000000000000000_QUA_1977  |7 0  |8 A  |9 372706  |a BIBTEO  |b BIBTEO  |d 2019-11-21  |h v.2  |i 2100010  |o 270 QUA 1977  |p 2100010  |r 2025-01-17  |w 2019-11-21  |y BK  |k ICR 
952 |0 0  |1 0  |4 0  |6 270_000000000000000_QUA_1977  |7 0  |8 A  |9 372707  |a BIBTEO  |b BIBTEO  |d 2019-11-21  |h v.2  |i 2100029  |o 270 QUA 1977  |p 2100029  |r 2025-01-17  |w 2019-11-21  |y BK  |k ICR 
952 |0 0  |1 0  |4 0  |6 270_000000000000000_QUA_1977  |7 0  |8 A  |9 372708  |a BIBTEO  |b BIBTEO  |d 2019-11-21  |h v.2  |i 2100037  |o 270 QUA 1977  |p 2100037  |r 2025-01-17  |w 2019-11-21  |y BK  |k ICR 
952 |0 0  |1 0  |4 0  |6 270_000000000000000_QUA_1977  |7 0  |8 A  |9 372709  |a BIBTEO  |b BIBTEO  |d 2019-11-21  |h v.2  |i 2100045  |o 270 QUA 1977  |p 2100045  |r 2025-01-17  |w 2019-11-21  |y BK  |k ICR